Statistics for Merged U.S. States #1

Click here to take the quiz!

General Stats

  • This quiz has been taken 2,819 times
  • The average score is 6 of 6

Answers on the Map

Answers color-coded by a green-red scale on the quiz's map according to % correct below.
Loading ...
 

Answer Stats

State% Correct
Maine
95%
Kansas
93%
Virginia
93%
Nebraska
92%
New Hampshire
92%
Kentucky
92%

Score Distribution

Percentile by Number Answered

Percent of People with Each Score

Your Score History

You have not taken this quiz